<?xml version="1.0" encoding="UTF-8"?>
<collection xmlns="http://www.loc.gov/MARC21/slim">
 <record>
  <leader>01528nam a22001811a 4500</leader>
  <controlfield tag="001">1/30806</controlfield>
  <controlfield tag="008">060915s2000    lu     f      00010 gre d</controlfield>
  <datafield tag="022" ind1="0" ind2=" ">
   <subfield code="a">0254-1483</subfield>
  </datafield>
  <datafield tag="028" ind1="3" ind2="1">
   <subfield code="a">KT-CO-00-316-GR-C</subfield>
  </datafield>
  <datafield tag="035" ind1=" " ind2=" ">
   <subfield code="l">33011</subfield>
  </datafield>
  <datafield tag="040" ind1=" " ind2=" ">
   <subfield code="a">GR-PeUP</subfield>
  </datafield>
  <datafield tag="084" ind1=" " ind2=" ">
   <subfield code="2">KET</subfield>
   <subfield code="a">COM (2000) 337 τελικό</subfield>
  </datafield>
  <datafield tag="110" ind1="2" ind2=" ">
   <subfield code="a">Επιτροπή των Ευρωπαϊκών Κοινοτήτων.</subfield>
  </datafield>
  <datafield tag="245" ind1="1" ind2="0">
   <subfield code="a">Πρόταση απόφασης του Συμβουλίου σχετικά με τη θέση της Κοινότητας στο πλαίσιο του συμβουλίου σύνδεσης όσον αφορά την εφαρμογή του άρθρου 68 της ευρωμεσογειακής συμφωνίας για την εγκαθίδρυση σύνδεσης μεταξύ των Ευρωπαϊκών Κοινοτήτων και των κρατών μελών τους, αφενός και του Κράτους του Ισραήλ, αφετέτου:</subfield>
   <subfield code="b">υποβληθείσα από την Επιτροπή/</subfield>
   <subfield code="c">Επιτροπή των Ευρωπαϊκών Κοινοτήτων</subfield>
  </datafield>
  <datafield tag="260" ind1="0" ind2=" ">
   <subfield code="a">Βρυξέλλες, Λουξεμβούργο:</subfield>
   <subfield code="b">Υπηρεσία Επισήμων Εκδόσεων των Ευρωπαϊκών Κοινοτήτων,</subfield>
   <subfield code="c">5.6.2000</subfield>
  </datafield>
  <datafield tag="300" ind1=" " ind2=" ">
   <subfield code="a">12 σ.</subfield>
  </datafield>
  <datafield tag="852" ind1=" " ind2=" ">
   <subfield code="a">INST</subfield>
   <subfield code="b">UNIPILB</subfield>
   <subfield code="c">KET</subfield>
   <subfield code="e">20060915</subfield>
   <subfield code="h">COM (2000) 337</subfield>
   <subfield code="p">COM (2000) 337</subfield>
   <subfield code="q">COM (2000) 337</subfield>
   <subfield code="t">NOLOAN</subfield>
   <subfield code="y">23</subfield>
   <subfield code="4">1</subfield>
  </datafield>
  <datafield tag="856" ind1="4" ind2="1">
   <subfield code="u">http://eur-lex.europa.eu/LexUriServ/LexUriServ.do?uri=COM:2000:0337:FIN:EN:PDF</subfield>
  </datafield>
 </record>
</collection>
